| 000 | 00408nam a2200169 i 4500 | ||
|---|---|---|---|
| 001 | bg | ||
| 100 | 1 | _aCHACIŃSKI, Henryk | |
| 245 | 1 | 0 |
_aOdbiorniki radiowe / _cHenryk Chaciński. |
| 250 | _aWyd. 3. | ||
| 260 |
_aWarszawa : _bWSiP, _c1983. |
||
| 650 | 9 |
_aRadiotechnika _xurządzenia |
|
| 040 | _cBPK | ||
| 041 | 0 | _apol | |
| 080 | _a621.396.6 | ||
| 942 | _cKS | ||
| 008 | s pl f |000 0 pol | ||
| 999 |
_c35539 _d35539 |
||
| 856 |
_uhttp://koha.tu.koszalin.pl/cgi-bin/koha/opac-detail.pl?biblionumber=35539 _yKatalog online BPK |
||